[Event "Druzynowe Mistrzostwa Polski Niewidomych i Slabowidzacych w Szachach"]
[Site "Wielspin Wagrowiec"]
[Date "1899-12-30"]
[Round "9.9"]
[White "Lipski, Tadeusz"]
[Black "Pociejowski, Marek"]
[Result "0-1"]
[WhiteTitle "m"]
[BlackTitle "I++"]
[WhiteElo "1789"]
[BlackElo "1886"]

1. d4 d5 2. Nc3 Nf6 3. Bg5 Nbd7 4. Nf3 h6 5. Bh4 e6 6. e4 dxe4 7. Nd2 Be7 8. Bg3
a6 9. Ndxe4 O-O 10. f3 c5 11. d5 exd5 12. Nxd5 Nxd5 13. Qxd5 Nf6 14. Qxd8 Rxd8
15. Bd3 Be6 16. Bc7 Rd7 17. Be5 c4 18. Bxf6 gxf6 19. Be2 f5 20. Nd2 b5 21. c3
Rad8 22. Rd1 Bc5 23. f4 Be3 24. Nf3 Bxf4 25. Rxd7 Rxd7 26. Kf2 Kg7 27. Nd4 Kf6
28. g3 Bc7 29. Rd1 Bb6 30. Bf3 Rd6 31. Ke2 Bd5 32. Bxd5 Rxd5 33. Nc6 Rxd1 34.
Kxd1 Bg1 35. Ke2 Bxh2 36. Kf3 Bg1 37. Nb4 a5 38. Nc6 Bb6 39. Kf4 Ke6 40. Kf3 Kd6
0-1

[Event "Druzynowe Mistrzostwa Polski Niewidomych i Slabowidzacych w Szachach"]
[Site "Wielspin Wagrowiec"]
[Date "1899-12-30"]
[Round "9.10"]
[White "Stolarczyk, Anna"]
[Black "Wojcieszyn, Zdzislaw"]
[Result "0-1"]
[WhiteTitle "WCM"]
[BlackTitle "k"]
[WhiteElo "1947"]
[BlackElo "1904"]

1. d4 d5 2. c4 c6 3. Nf3 Nf6 4. cxd5 cxd5 5. Nc3 Nc6 6. e3 a6 7. a3 e6 8. Bd3 Bd6
9. O-O O-O 10. b4 b5 11. Re1 e5 12. dxe5 Nxe5 13. Be2 Bb7 14. Qb3 Qc7 15. h3 Rac8
16. Nd1 Nc4 17. Nd4 Ne4 18. Bd3 Be5 19. Ra2 Qe7 20. Rae2 Qf6 21. Nf3 Bd6 22. Nd4
Rc7 23. Rc2 Rfc8 24. f3 Ng3 25. Nf2 h5 26. a4 bxa4 27. Qxa4 Be5 28. Qa1 Qb6 29.
Bxc4 Rxc4 30. Rxc4 Rxc4 31. Bb2 Qxb4 32. Nd3 Qe7 33. Nc6 Qe8 34. Na5 Ra4 35. Nxb7
Rxa1 36. Bxa1 Qb5 0-1

[Event "Druzynowe Mistrzostwa Polski Niewidomych i Slabowidzacych w Szachach"]
[Site "Wielspin Wagrowiec"]
[Date "1899-12-30"]
[Round "9.11"]
[White "Sargalski, Andrzej"]
[Black "Filipiak, Rajmund"]
[Result "1-0"]
[WhiteTitle "I++"]
[BlackTitle "II+"]
[WhiteElo "1840"]
[BlackElo "1693"]

1. e4 c6 2. d4 d5 3. Nd2 dxe4 4. Nxe4 Nf6 5. Nxf6+ gxf6 6. Nf3 Bg4 7. c3 e6 8.
Be2 Bd6 9. Nh4 Bxe2 10. Qxe2 Qe7 11. f4 f5 12. Nf3 Nd7 13. Bd2 O-O-O 14. O-O-O
h6 15. g3 Nf6 16. Ne5 Ne4 17. g4 Bxe5 18. fxe5 fxg4 19. Qxe4 a5 20. Qxg4 Rdg8
21. Qf3 a4 22. a3 Rg6 23. Rdf1 Rhg8 24. Qxf7 Qxf7 25. Rxf7 Rg2 26. Rf6 Re2 27.
Rxh6 Rgg2 28. Rd1 Kd7 29. h4 b5 30. h5 c5 31. dxc5 Kc6 32. Rxe6+ Kxc5 33. h6 Kc4
34. h7 Rh2 35. Re7 Kb3 36. e6 Ka2 37. Rg7 Kb3 38. e7 b4 39. axb4 a3 40. bxa3 Kxa3
41. e8=Q Rxe8 42. Rg8 Re7 43. h8=Q Kb3 44. Qxh2 Ra7 45. Bf4 1-0

[Event "Druzynowe Mistrzostwa Polski Niewidomych i Slabowidzacych w Szachach"]
[Site "Wielspin Wagrowiec"]
[Date "1899-12-30"]
[Round "9.12"]
[White "Barnowski, Sylwester"]
[Black "Wyrzykowski, Jozef"]
[Result "1-0"]
[WhiteTitle "I"]
[BlackTitle "I"]
[WhiteElo "1776"]
[BlackElo "1642"]

1. e4 e5 2. d4 exd4 3. Qxd4 Nc6 4. Qe3 d6 5. Nc3 Nf6 6. Bd2 Bd7 7. O-O-O Qe7 8.
Bc4 Ne5 9. Be2 Bc6 10. f3 Qe6 11. h3 Nc4 12. Qd4 Nxd2 13. Rxd2 Be7 14. Kb1 b6
15. Bc4 Qd7 16. Nge2 O-O 17. g4 h6 18. Ng3 Nh7 19. h4 Bf6 20. Qe3 g5 21. hxg5
Bxg5 22. f4 Qxg4 23. fxg5 Nxg5 24. Nf5 Qxf5 25. exf5 Bxh1 26. Rh2 Rae8 27. Qg1
Kg7 28. Rxh1 Re5 29. Bd3 Rfe8 30. a3 f6 31. Qh2 Nf7 32. Qh5 Kf8 33. Bc4 Re1+ 34.
Rxe1 Rxe1+ 35. Ka2 Ne5 36. Qxh6+ Ke8 37. Qh8+ Kd7 38. Bb5+ c6 39. Qg7+ Kd8 40.
Qxf6+ Kc7 41. Qe7+ Kb8 42. Ba6 1-0

[Event "Druzynowe Mistrzostwa Polski Niewidomych i Slabowidzacych w Szachach"]
[Site "Wielspin Wagrowiec"]
[Date "1899-12-30"]
[Round "9.13"]
[White "Skiera, Edward"]
[Black "Traczyk, Tadeusz"]
[Result "0-1"]
[WhiteTitle "II"]
[BlackTitle "I"]
[WhiteElo "1442"]
[BlackElo "1811"]

1. d4 d5 2. c4 e6 3. e3 Nf6 4. Nc3 Be7 5. Nf3 O-O 6. Be2 Re8 7. O-O c6 8. cxd5
exd5 9. b3 Nbd7 10. Bb2 Nf8 11. Bd3 Bg4 12. Be2 Bd6 13. Re1 h6 14. Nd2 Bf5 15.
Nf1 Ng6 16. Ng3 Bc8 17. Rc1 Nh4 18. Nh5 Nxh5 19. Bxh5 Qg5 20. Bf3 Bh3 21. g3 Re6
22. Kh1 Nxf3 23. Qxf3 Rf6 24. Qe2 Bg4 25. Qf1 Bf3+ 26. Kg1 h5 27. h4 Qg4 28. Kh2
Qxh4+ 0-1

[Event "Druzynowe Mistrzostwa Polski Niewidomych i Slabowidzacych w Szachach"]
[Site "Wielspin Wagrowiec"]
[Date "1899-12-30"]
[Round "9.14"]
[White "Golebiowska-fryga, Barbara"]
[Black "Spionkowski, Fabian"]
[Result "0-1"]
[WhiteTitle "II"]
[BlackTitle "II"]
[WhiteElo "1263"]
[BlackElo "1302"]

1. d4 Nf6 2. c3 g6 3. Bg5 Bg7 4. Nd2 O-O 5. e4 d6 6. Bxf6 Bxf6 7. Ngf3 e5 8. d5
c6 9. Qb3 cxd5 10. Qxd5 Nc6 11. Nc4 Be7 12. Rd1 Be6 13. Qd3 Bxc4 14. Qxc4 Na5
15. Qb5 a6 16. Qa4 b5 17. Qc2 Qb6 18. Be2 b4 19. O-O bxc3 20. Qxc3 Rac8 21. Qe3
Qxb2 22. Bxa6 Ra8 23. Qd2 Qxd2 24. Rxd2 Rxa6 0-1

[Event "Druzynowe Mistrzostwa Polski Niewidomych i Slabowidzacych w Szachach"]
[Site "Wielspin Wagrowiec"]
[Date "1899-12-30"]
[Round "9.16"]
[White "Binkowski, Kazimierz"]
[Black "Wolanski, Michal"]
[Result "1/2-1/2"]
[WhiteTitle "II"]
[BlackTitle "I++"]
[WhiteElo "1567"]
[BlackElo "1876"]

1. c4 Nf6 2. Nc3 c5 3. Nf3 g6 4. g3 Nc6 5. Bg2 Bg7 6. O-O O-O 7. d3 Re8 8. e4 a6
9. Nd5 b5 10. Qe2 Bb7 11. Bf4 d6 12. Rae1 b4 13. b3 a5 14. e5 Nh5 15. e6 f6 16.
h4 Nxf4 17. gxf4 Kh8 18. Bh3 Rg8 19. Kh2 a4 20. f5 Ne5 21. Nxe5 dxe5 22. Qe4 Bxd5
23. cxd5 Bh6 24. Kh1 axb3 25. axb3 Qd6 26. Ra1 g5 27. Rxa8 Rxa8 28. hxg5 Bxg5
29. Bg2 Bf4 30. Qf3 Qd8 31. d6 Rb8 32. d7 Qf8 33. Qh5 Qh6 34. Qxh6 Bxh6 35. Ra1
e4 36. Bxe4 Bf4 37. Ra8 Rxa8 38. Bxa8 Bc7 39. Kg2 Kg7 40. Kh3 Kh6 41. Be4 Kg5
42. f3 Bd8 43. Kg3 Bc7+ 44. Kh3 Bd8 45. f4+ Kxf4 46. Kh4 Ke5 47. Kh5 Kd6 48. Kh6
Bb6 49. Kxh7 Kc7 50. Kg6 Kd8 51. Kh5 Bc7 52. Kg4 Be5 53. Kf3 Bd4 54. Bc6 Be5 55.
Ke4 Bd4 1/2-1/2

[Event "Druzynowe Mistrzostwa Polski Niewidomych i Slabowidzacych w Szachach"]
[Site "Wielspin Wagrowiec"]
[Date "1899-12-30"]
[Round "9.17"]
[White "Hagner, Pawel"]
[Black "Czarnecki, Zbigniew"]
[Result "1-0"]
[WhiteTitle "I"]
[BlackTitle "II"]
[WhiteElo "1687"]
[BlackElo "1299"]

1. d4 Nf6 2. Bg5 Ne4 3. Bh4 g5 4. Bg3 Nf6 5. e3 d5 6. Nf3 h6 7. Nbd2 Bg7 8. c3
Bf5 9. Qb3 b6 10. Ne5 e6 11. Bb5+ Nfd7 12. Ndf3 a6 13. Qa4 O-O 14. Nc6 axb5 15.
Qxa8 Nxc6 16. Qxc6 Nb8 17. Qxb5 Qd7 18. Qxd7 Nxd7 19. Bxc7 1-0